|
|
|
|
| LEADER |
01561nam a22003854a 4500 |
| 001 |
2557 |
| 003 |
BD-DhAAL |
| 005 |
20150620084822.0 |
| 008 |
150620s1999 dcu b i000 0 eng |
| 010 |
|
|
|a 98055772
|
| 020 |
|
|
|a 0821344560
|
| 040 |
|
|
|a DLC
|c DLC
|d DLC
|d BD-DhAAL
|
| 050 |
0 |
0 |
|a HC60
|b .G49 1999
|
| 082 |
0 |
0 |
|a 338.9/009172/4
|2 21
|
| 100 |
1 |
|
|a Gibbs, Christopher J. N.
|9 12260
|
| 245 |
1 |
0 |
|a Nongovernmental organizations in World Bank-supported projects :
|b a review /
|c Christopher Gibbs, Claudia Fumo, Thomas Kuby.
|
| 250 |
|
|
|a 2nd ed.
|
| 260 |
|
|
|a Washington, D.C. :
|b World Bank,
|c 1999.
|
| 300 |
|
|
|a xxi, 66 p. ;
|c 28 cm.
|
| 490 |
1 |
|
|a OED series
|
| 500 |
|
|
|a At head of title: World Bank Operations Evaluation Department.
|
| 504 |
|
|
|a Includes bibliographical references (p. 65-66).
|
| 541 |
|
|
|e 2557
|
| 546 |
|
|
|a Foreword and summaries also in French and Spanish.
|
| 610 |
2 |
0 |
|a World Bank
|z Developing countries.
|9 10634
|
| 650 |
|
0 |
|a Non-governmental organizations
|z Developing countries.
|9 7984
|
| 650 |
|
0 |
|a Community development
|z Developing countries.
|9 12261
|
| 650 |
|
0 |
|a Economic development projects
|z Developing countries.
|9 10306
|
| 700 |
1 |
|
|a Kuby, Thomas.
|9 12262
|
| 700 |
1 |
|
|a Fumo, Claudia,
|d 1967-
|9 12263
|
| 710 |
2 |
|
|a World Bank.
|b Operations Evaluation Department.
|9 10778
|
| 830 |
|
0 |
|a OED series (Washington, D.C.)
|9 10779
|
| 942 |
|
|
|2 ddc
|c BK
|
| 999 |
|
|
|c 34776
|d 34776
|
| 952 |
|
|
|0 0
|1 0
|2 ddc
|4 0
|6 338_900917240000000_GIB
|7 0
|9 54401
|a SCL
|b SCL
|c GEN
|d 2015-06-20
|l 0
|o 338.90091724 GIB
|p 3020002557
|r 2015-06-20
|t 1
|w 2015-06-20
|y BK
|